00736 2200277 4500001002100000005001500021035002000036007000300056040001200059100001800071245006800089250001300157300003600170504002500206020001800231082001200249084001800261090001700279260003400296650001400330850001000344008004100354990002100395990002100416990002100437INLIS00000000000681220260410101607 a0010-0622000147ta aSBPUPAD aAlex Kertamah1 aTeknis dan Taktik Dasar Permainan Tenis Meja /cAlex Kertamanah a.-Cet. 1 axvi,176 hlm. :billus. ;c26 cm aBibliografi, hlm 175 a979-421-830-8 a796.345 a796.345 ALE t a796.345 16.7 a.--Jakarta :bGrafindo,c2003 4aOlah Raga aPUPAD260410 0  a621/BR/KAPD/2011 a640/BR/KAPD/2011 a641/Br/KAPD/2011